La tragedia del Cabo Paz /
Guardado en:
| Autor Principal: | |
|---|---|
| Formato: | Libro |
| Idioma: | Spanish |
| Publicado: |
Bahía Blanca,
1999.
|
| Materias: | |
| Etiquetas: |
Agregar Etiqueta
Sin Etiquetas, Sea el primero en etiquetar este registro!
|
| LEADER | 00522nam a22001815a 4500 | ||
|---|---|---|---|
| 001 | EUN.um068517 | ||
| 003 | AR-BaUNS | ||
| 005 | 20050623122932.0 | ||
| 008 | 041125s1999####ag#a##########000#0#spa#d | ||
| 245 | 1 | 3 | |a La tragedia del Cabo Paz / |c Néstor Luis Montezanti. |
| 260 | |a Bahía Blanca, |c 1999. | ||
| 300 | |a 103 p. : |b il. ; |c 20,5 cm. | ||
| 020 | |a 9879281381 | ||
| 100 | 1 | |a Montezanti, Néstor Luis. | |
| 082 | 0 | 4 | |a 923 |
| 653 | |a Paz, Luis L. | ||
| 653 | |a Biografias | ||
| 859 | |a Ar-BaUNS |b BIB. CENTRAL - Sector A |h 923 |i P299m |p 112002/001 | ||
